<?xml version="1.0" encoding="UTF-8"?>
<record
    xmlns:xsi="http://www.w3.org/2001/XMLSchema-instance"
    xsi:schemaLocation="http://www.loc.gov/MARC21/slim http://www.loc.gov/standards/marcxml/schema/MARC21slim.xsd"
    xmlns="http://www.loc.gov/MARC21/slim">

  <leader>00821nam a2200253 i 4500</leader>
  <datafield tag="999" ind1=" " ind2=" ">
    <subfield code="c">22678</subfield>
    <subfield code="d">22678</subfield>
  </datafield>
  <controlfield tag="001">C00601649</controlfield>
  <controlfield tag="003">OSt</controlfield>
  <controlfield tag="005">20230109125103.0</controlfield>
  <controlfield tag="007">ta</controlfield>
  <controlfield tag="008">211012s2020    pe a   gr     000 p und</controlfield>
  <datafield tag="020" ind1=" " ind2=" ">
    <subfield code="a">9786124202452</subfield>
  </datafield>
  <datafield tag="040" ind1=" " ind2=" ">
    <subfield code="c">BMC</subfield>
  </datafield>
  <datafield tag="041" ind1=" " ind2=" ">
    <subfield code="a">spa</subfield>
  </datafield>
  <datafield tag="082" ind1=" " ind2=" ">
    <subfield code="a">869.56/Q445C</subfield>
  </datafield>
  <datafield tag="100" ind1=" " ind2=" ">
    <subfield code="a">Quijano, Marco Antonio</subfield>
    <subfield code="9">48859</subfield>
  </datafield>
  <datafield tag="245" ind1=" " ind2=" ">
    <subfield code="a">Colecci&#xF3;n privada o los colores ocultos de la turbaci&#xF3;n /</subfield>
    <subfield code="c">Marco Antonio Quijano</subfield>
  </datafield>
  <datafield tag="250" ind1=" " ind2=" ">
    <subfield code="a">Primera edici&#xF3;n.</subfield>
  </datafield>
  <datafield tag="264" ind1="3" ind2="1">
    <subfield code="a">Lima : </subfield>
    <subfield code="b">Eds. Cop&#xE9;,</subfield>
    <subfield code="c">2018.</subfield>
  </datafield>
  <datafield tag="300" ind1=" " ind2=" ">
    <subfield code="a">77, [6] p&#xE1;ginas :</subfield>
    <subfield code="c">21 cm.</subfield>
  </datafield>
  <datafield tag="440" ind1=" " ind2=" ">
    <subfield code="a">Obras ganadoras de la XVIII Bienal de Poes&#xED;a "Premio Cop&#xE9; 2017"</subfield>
    <subfield code="9">48860</subfield>
  </datafield>
  <datafield tag="500" ind1=" " ind2=" ">
    <subfield code="a">Antes del t&#xED;tulo: Premio Cop&#xE9; de oro, XVIII Bienal de Poes&#xED;a "Premio Cop&#xE9; 2017"</subfield>
  </datafield>
  <datafield tag="650" ind1=" " ind2=" ">
    <subfield code="a">Poes&#xED;as peruanas</subfield>
    <subfield code="y">Siglo XX</subfield>
    <subfield code="9">48129</subfield>
  </datafield>
  <datafield tag="942" ind1=" " ind2=" ">
    <subfield code="2">ddc</subfield>
    <subfield code="c">LIBROS</subfield>
  </datafield>
  <datafield tag="952" ind1=" " ind2=" ">
    <subfield code="0">0</subfield>
    <subfield code="1">0</subfield>
    <subfield code="2">ddc</subfield>
    <subfield code="4">0</subfield>
    <subfield code="7">0</subfield>
    <subfield code="a">SH</subfield>
    <subfield code="b">SH</subfield>
    <subfield code="c">CART</subfield>
    <subfield code="d">2023-01-09</subfield>
    <subfield code="e">Donaci&#xF3;n</subfield>
    <subfield code="g">20.00</subfield>
    <subfield code="o">869.56/Q445C</subfield>
    <subfield code="p">SH0000016518</subfield>
    <subfield code="r">2023-01-09</subfield>
    <subfield code="w">2023-01-09</subfield>
    <subfield code="y">LIBROS</subfield>
  </datafield>
</record>
